000 00287nam a2200121Ia 4500
008 190216s9999||||xx |||||||||||||| ||und||
100 _aIgusa
245 0 _aLectures On Forms Of Higher Degree
260 _bSpringer Verlag
_c1978
300 _a175p
650 _aMathematics
942 _cBK
999 _c30957
_d30957